00849nam a22002532a 450000100060000000300080000600500170001400800410003103500190007204000360009104100080012708200180013510000400015324500880019325000110028126000560029230000500034850000390039865000310043765000280046865000280049665000390052465100320056335241BD-RjUL20211209052302.0140522s1947 ii a 001 0 eng d a(BD-RjUL)35335 aWOOdEQOdBD-RjULbengcBD-RjUL aeng00a333bDAP 19471 aDarling, Malcolm Lyall,d1880-1964.14aThe Punjab peasant in prosperity and debt /cWith a foreword by Sir Edward Maclagan a4th ed aBombay :bIndian Branch, Oxford Univ. Press,c1947. axxxii, 277 p. :bplates, fold. maps. ;c22 cm a"List of authorities" p. [265]-267 0aLand tenure PunjabzPunjab 0aPeasantszIndiazPunjab 0aInterestzIndiazPunjab 0aAgricultural creditzIndiazPunjab 0aPunjabxEconomic conditions